| 000 | 00694nam a2200241Ia 4500 | ||
|---|---|---|---|
| 003 | OSt | ||
| 005 | 20221007063328.0 | ||
| 006 | a|||||r|||| 00| 0 | ||
| 007 | ta | ||
| 008 | 221006b |||||||| |||| 00| 0 eng d | ||
| 024 | _a1,050 | ||
| 037 | _cReference Collections | ||
| 040 |
_aFLL _cFLL _beng |
||
| 041 |
_2eng _aeng |
||
| 082 | _aX655:Z2, K5-1 | ||
| 100 |
_aKust Matthew J. _9272785 |
||
| 245 | 0 | _aSupplement to foreign enterprise in India | |
| 260 |
_aBombay _bThe University of North Carolina Press India _c1967 |
||
| 300 |
_a104p _ccm. |
||
| 650 | _aCompany Law | ||
| 942 |
_hX655:Z2, K5-1 _cREF _2CC |
||
| 999 |
_c1130987 _d1130987 |
||